Guide to mechanics (Record no. 1346)
[ view plain ]
| 000 -LEADER | |
|---|---|
| fixed length control field | 00501cam a2200217ua 4500 |
| 041 ## - LANGUAGE CODE | |
| Language code of text/sound track or separate title | eng |
| 082 ## - DEWEY DECIMAL CLASSIFICATION NUMBER | |
| Classification number | 531 |
| Item number | VAR/GU |
| 100 ## - MAIN ENTRY--AUTHOR NAME | |
| Personal name | Varghees, P I . |
| 245 ## - TITLE STATEMENT | |
| Title | Guide to mechanics |
| 260 ## - PUBLICATION, DISTRIBUTION, ETC. (IMPRINT) | |
| Place of publication | Trichur : |
| Name of publisher | Maharajas technological institute , |
| Year of publication | 1967. |
| 300 ## - PHYSICAL DESCRIPTION | |
| Number of Pages | 114 ; . |
| 700 1# - ADDED ENTRY--PERSONAL NAME | |
| Personal name | Latheef, . |
| 942 ## - ADDED ENTRY ELEMENTS (KOHA) | |
| Koha item type | Books |
| Withdrawn status | Lost status | Damaged status | Home library | Current library | Date acquired | Full call number | Accession Number | Koha item type |
|---|---|---|---|---|---|---|---|---|
| KAUAET | KAUAET | 07/04/2012 | 531 VAR/GU | 11660 | Books | |||
| KAUAET | KAUAET | 07/04/2012 | 531 VAR/GU | 11661 | Books | |||
| Damaged | KAUAET | KAUAET | 07/04/2012 | 531 VAR/GU | 11658 | Books | ||
| Withdrawn | KAUAET | Sanskrit University | 07/04/2012 | 531 VAR/GU | 11657 | Books |
